Österreichische Bundespräsidenten 1. & 2. Republik - Statistiken

Allgemein
  • Dieses Quiz wurde 86 mal gespielt
  • Das Durchschnittsergebnis liegt bei 6 aus 12
Antwortstatistiken
Jahr Antwort % Korrekt
2017 - Alexander Van der Bellen
98%
2004 - 2016 Heinz Fischer
87%
1945 - 1950 Karl Renner
81%
1986 - 1992 Kurt Waldheim
75%
1992 - 2004 Thomas Klestil
62%
1974 - 1986 Rudolf Kirchschläger
49%
1965 - 1974 Franz Jonas
42%
1951 - 1957 Theodor Körner
38%
1957 - 1965 Adolf Schärf
36%
1928 - 1938 Wilhelm Miklas
28%
1919 - 1920 Karl Seitz
23%
1920 - 1928 Michael Hainisch
19%
Keine übereinstimmenden Quizze gefunden
Verteilung der Resultate
Anzahl Personen mit jedem Resultat
Perzentil nach korrekt beantworteten Fragen
Ihre Resultats-Entwicklung
Sie haben dieses Quiz noch nicht gespielt